Every Bentley Car by Picture - Statistics

General Stats
  • This quiz has been taken 37 times
  • The average score is 8 of 26
Answer Stats
Picture Hint Answer % Correct
2015-present Bentayga
91%
2003-present Continental GT
91%
2005-present Flying Spur
77%
2010-present Mulsanne
68%
1998-2009 Arnage
50%
1995-2009 Azure
45%
2021-present Mulliner Bacalar
36%
1992-2011 Brooklands
32%
1980-1992 Mulsanne
32%
1985-1999 Turbo R
32%
1952-present Continental
23%
1921-1929 3 Litre
18%
1931 4 Litre
18%
1955-1959 S1
18%
1959-1962 S2
18%
1930-1932 8 Litre
14%
1984-1992 Eight
14%
1939-1941 Mark V
14%
1946-1952 Mark VI
14%
1952-1955 R Type
14%
1962-1965 S3
14%
2002 State Limousine
14%
1933-1939 3.5 Litre
9%
1927-1931 4 1/2 Litre
9%
1926-1930 Speed Six
9%
1965-1980 T-Series
9%
No matching quizzes found
Score Distribution
Percent of People with Each Score
Percentile by Number Answered
Your Score History
You have not taken this quiz